000 00693cam a2200253 a 4500
008
020 _a0830677798 (hbk.)
020 _a0830637796 (pbk.)
049 _aMAIN
090 _aT385
100 1 _aJump, Dennis.
245 1 0 _aAutoCAD programming /
_cDennis N. Jump.
250 _a2nd ed.
260 _a[s.l.] :
_bMcGraw-Hill,
_cc1991.
300 _axiv, 527 p. :
_bill. ;
_c25 cm.
440 0 _aComputer graphics technology and management series
500 _aIncludes index.
650 _aAutoCAD.
907 _a.b10066986
_b20-08-05
_c17-04-03
003
005 20230123133617.0
040 _cNUST
942 _cBOOKS
_kT385
999 _c151572
_d151572